| 000 | 00484nam a2200169 4500 | ||
|---|---|---|---|
| 003 | SEACOMEC | ||
| 005 | 20240223123756.0 | ||
| 008 | 240223b |||||||| |||| 00| 0 eng d | ||
| 020 | _cRs.125.00 | ||
| 040 | _aSEACOMEC | ||
| 082 |
_a338.714 _bB297 |
||
| 100 | _aBasak,N.N. | ||
| 245 | 1 |
_aEnvironmental engineering _cN.N. Basak |
|
| 260 |
_aNew Delhi _bTata McGraw Hill _c2004 |
||
| 650 | _aSocial science,General topics of land, recreational and wilderness areas, energy | ||
| 942 | _cBOOK | ||
| 999 |
_c680 _d680 |
||